000 00279nam a22001217a 4500
999 _c12496
_d12496
020 _a9789332574120
082 _a658
100 _aStephen P. Robbins, Mary Coulter, David De Cenzo
245 _aFundamentals of Management
250 _a9th
300 _a504 pages.
942 _cBK